000 00942nam a2200277 a 4500
001 24459
003 BD-RjUL
005 20211209001044.0
008 181007s1946 enkb b 001 0 eng d
035 _a(BD-RjUL)24526
040 _aBD-RjUL
_beng
_cBD-RjUL
_dBD-RjUL
041 _aeng
082 _223
_a297.0954
_bSMM 1946
100 1 _aSmith, Wilfred Cantwell,
_d1916-2000.
_9223308
245 1 0 _aModern Islām in India :
_ba social analysis /
_cby Wilfred Cantwell Smith.
250 _aRevised ed.
260 _aLondon :
_bVictor Gollancz,
_c1946.
300 _a344 p. :
_bmap ;
_c19 cm.
504 _aIncludes bibliographical references and index.
650 0 _aIslam
_zIndia.
_9223309
650 0 _aMuslims
_zIndia
_xIntellectual life.
_9223310
650 0 _aNationalism
_xReligious aspects
_zIndia.
_9223311
650 0 _aNationalism
_xReligious aspects
_xIslam.
_9223312
651 0 _aIndia
_xIntellectual life.
_9223313
942 _2ddc
_cRAR
999 _c24459
_d24459